| 000 | 01469cam a22004097a 4500 | ||
|---|---|---|---|
| 003 | CHAP | ||
| 005 | 20220329142754.0 | ||
| 008 | 030822d2002 mx ad r 00110 spa d | ||
| 010 | _a87587 | ||
| 011 | _a88559 | ||
| 020 | _a9707220880 | ||
| 035 | _a99104 | ||
| 040 | _cCHAP | ||
| 082 | 0 | 4 |
_a719.36 _bC6 |
| 100 | 0 | 0 |
_aCorona M., Eduardo _e, coord. _928113 |
| 245 | 1 | 0 |
_aRelaciones hombre-fauna: _buna zona interdisciplinaria de estudio _c/coord. por Eduardo Corona M. y Joaquín Arroyo Cabrales |
| 260 |
_aMexico, D. F. : _bPlaza y Valdés, _c2002 |
||
| 300 |
_a229 p. : _bilus. ; gráfs. ; tablas ; diagramas |
||
| 410 | 2 | 1 | _aInstituto Nacional de Antropología e Historia |
| 490 | 0 | _aArqueología | |
| 590 |
_aBATCH-UPD _b10 _c20130110 _lUCH01 _h0550 |
||
| 590 |
_aBATCH-UPD _b10 _c20130410 _lUCH01 _h0231 |
||
| 590 |
_aBATCH-UPD _b10 _c20130914 _lUCH01 _h0403 |
||
| 590 |
_aCONVERSION _b10 _c20130109 _lUCH01 _h1349 |
||
| 650 | 1 | 4 |
_aArqueología _97342 |
| 650 | 1 | 4 |
_aMedio ambiente. _974065 |
| 650 | 1 | 4 |
_aVida silvestre. _9119155 |
| 650 | 1 | 4 |
_aZoología. _9124151 |
| 700 | 0 |
_aArroyo Cabrales, Joaquín. _97518 |
|
| 810 | 0 | 0 |
_aInstituto Nacional de Antropología e Historia _959285 |
| 830 | 0 |
_aArqueología _97341 |
|
| 901 | _aBK | ||
| 905 | _aMarco A. Mendoza T. | ||
| 942 | _cLIBRO | ||
| 949 |
_a719.36 C6 _bBC _cLIBRO _d33724000896288 _eLIBRO _h103841 _i99104 _si _t$128.00 |
||
| 949 |
_a719.36 C6 _bBC _cLIBRO _d33724000896510 _eLIBRO _fc.2 _h103921 _i99104 _sb _t$128.00 |
||
| 999 |
_c87587 _d87587 |
||